| 000 | 01034cam a2200301 i 4500 | ||
|---|---|---|---|
| 001 | 2215263 | ||
| 005 | 20250624114108.0 | ||
| 008 | 750523s1976 nyu b 001 0 eng | ||
| 010 | _a 75006331 | ||
| 020 | _a0060105488 | ||
| 040 |
_aDLC _cBSU _dDLC |
||
| 043 | _an-us--- | ||
| 050 | 0 | 0 |
_aLA226 _b.B75 1976 |
| 082 | 0 | 0 |
_a378.73 _221 _bBRU |
| 100 | 1 |
_aBrubacher, John Seiler, _d1898- _916894 |
|
| 245 | 1 | 0 |
_aHigher education in transition : _ba history of American colleges and universities, 1636-1976 / _cJohn S. Brubacher, Willis Rudy. |
| 250 | _a3d ed., rev. and enl. | ||
| 260 |
_aNew York : _bHarper & Row, _cc1976. |
||
| 300 |
_avii, 536 p. ; _c24 cm. |
||
| 500 | _aIncludes index. | ||
| 504 | _aBibliography: p. 515-527. | ||
| 650 | 0 |
_aEducation, Higher _zUnited States _xHistory. _916869 |
|
| 650 | 0 |
_aUniversities and colleges _zUnited States _xHistory. _916895 |
|
| 658 | _aEducation | ||
| 700 | 1 |
_aRudy, Willis, _d1920- _ejoint author. _916896 |
|
| 906 |
_a7 _bcbc _corignew _d1 _eocip _f19 _gy-gencatlg |
||
| 942 |
_2ddc _cBK |
||
| 999 |
_c7925 _d7925 |
||